000 00452nam a2200169 4500
001 124091
003 ES-MaACL
005 20230906192323.0
007 t|
008 070214s1964 sp r ||||1| cat d
100 1 _aRaoul.
_995443
245 1 2 _aL'Andorre intime /
_cRaoul, Alsina.
260 _aAndorre :
_b[s.n.],
_c1964 (
_fGráf. Casal i Vall)
300 _a190 p. ;
_c21 cm.
700 1 _aAlsina.
_920478
852 _aES-MaACL
_jC-27476
_bR.56540
999 _c124091
_d124091